International journal of law, crime and justice / (Record no. 977)

000 -LEADER
fixed length control field 01265cas a2200337 a 4500
001 - CONTROL NUMBER
control field 15285188
003 - CONTROL NUMBER IDENTIFIER
control field OSt
005 - DATE AND TIME OF LATEST TRANSACTION
control field 20140116120842.0
008 - FIXED-LENGTH DATA ELEMENTS--GENERAL INFORMATION
fixed length control field 080502c20089999ne qr p g 0 0eng d
010 ## - LIBRARY OF CONGRESS CONTROL NUMBER
LC control number 2008234123
022 ## - INTERNATIONAL STANDARD SERIAL NUMBER
International Standard Serial Number 1756-0616
037 ## - SOURCE OF ACQUISITION
Source of stock number/acquisition International Journal of Law, Crime and Justice, Elsevier Ltd., P.O. Box 211, 1000 AE Amsterdam, The Netherlands
042 ## - AUTHENTICATION CODE
Authentication code lcd
050 00 - LIBRARY OF CONGRESS CALL NUMBER
Classification number K9
Item number .N844
245 00 - TITLE STATEMENT
Title International journal of law, crime and justice /
260 ## - PUBLICATION, DISTRIBUTION, ETC. (IMPRINT)
Place of publication, distribution, etc Amsterdam ;
-- Boston :
Name of publisher, distributor, etc Elsevier,
Date of publication, distribution, etc 2008-
300 ## - PHYSICAL DESCRIPTION
Extent v. ;
Dimensions 24 cm.
310 ## - CURRENT PUBLICATION FREQUENCY
Current publication frequency Quarterly
362 0# - DATES OF PUBLICATION AND/OR SEQUENTIAL DESIGNATION
Dates of publication and/or sequential designation Vol. 36, issue 1 (Mar. 2008)-
500 ## - GENERAL NOTE
General note Title from cover.
650 #0 - SUBJECT ADDED ENTRY--TOPICAL TERM
Topical term or geographic name as entry element Criminal justice, Administration of
Form subdivision Periodicals.
650 #0 - SUBJECT ADDED ENTRY--TOPICAL TERM
Topical term or geographic name as entry element Criminology
Form subdivision Periodicals.
650 #0 - SUBJECT ADDED ENTRY--TOPICAL TERM
Topical term or geographic name as entry element Sociological jurisprudence
Form subdivision Periodicals.
650 #6 - SUBJECT ADDED ENTRY--TOPICAL TERM
Topical term or geographic name as entry element Justice pénale
General subdivision Administration
Form subdivision Périodiques.
650 #6 - SUBJECT ADDED ENTRY--TOPICAL TERM
Topical term or geographic name as entry element Criminologie
Form subdivision Périodiques.
650 #6 - SUBJECT ADDED ENTRY--TOPICAL TERM
Topical term or geographic name as entry element Sociologie juridique
Form subdivision Périodiques.
776 08 - ADDITIONAL PHYSICAL FORM ENTRY
Display text Online version:
Title International journal of law, crime and justice
International Standard Serial Number 1876-763X
Record control number (DLC) 2009263482
-- (OCoLC)213300023
780 00 - PRECEDING ENTRY
Title International journal of the sociology of law
International Standard Serial Number 0194-6595
Record control number (DLC) 81645572
-- (OCoLC)4880624
942 ## - ADDED ENTRY ELEMENTS (KOHA)
Source of classification or shelving scheme
Koha item type Cont. resources
Serial record 1
Holdings
Withdrawn status Lost status Source of classification or shelving scheme Damaged status Not for loan Home library Current library Date acquired Total Checkouts Full call number Date last seen Price effective from Koha item type
          Riara University Library Riara University Library 27/07/2012   Journal 27/07/2012 27/07/2012 Book

Riara University Library,
P.O. Box 49940-00100,
Nairobi, Kenya.